Developing Object Oriented Software (Record no. 5306)
[ view plain ]
| 000 -LEADER | |
|---|---|
| fixed length control field | 00258nam a2200109 4500 |
| 082 ## - DEWEY DECIMAL CLASSIFICATION NUMBER | |
| Classification number | 005.1RUB |
| 100 ## - MAIN ENTRY--AUTHOR NAME | |
| Personal name | Rubin, Kenneth S. |
| 245 ## - TITLE STATEMENT | |
| Title | Developing Object Oriented Software |
| 260 ## - PUBLICATION, DISTRIBUTION, ETC. (IMPRINT) | |
| Place of publication | New Jersey: |
| Name of publisher | Prentice-Hall, |
| Year of publication | 1997. |
| 300 ## - PHYSICAL DESCRIPTION | |
| Number of Pages | 636p. ; |
| 942 ## - ADDED ENTRY ELEMENTS (KOHA) | |
| Koha item type | Books |
| Withdrawn status | Lost status | Home library | Current library | Date acquired | Cost, normal purchase price | Full call number | Accession Number | Koha item type |
|---|---|---|---|---|---|---|---|---|
| Seminar Library, Information Technology | Seminar Library, Information Technology | 05/06/2014 | 1109.00 | 005.1RUB | 47142 | Books |